Detalles MARC
| 000 -LEADER |
| fixed length control field |
03035nam a2200625Ii 4500 |
| 001 - CONTROL NUMBER |
| control field |
DIGUANDES238 |
| 003 - CONTROL NUMBER IDENTIFIER |
| control field |
NyNyDIG |
| 008 - FIXED-LENGTH DATA ELEMENTS--GENERAL INFORMATION |
| fixed length control field |
181201s2017 mx a ob 000 0dspa d |
| 006 - FIXED-LENGTH DATA ELEMENTS--ADDITIONAL MATERIAL CHARACTERISTICS |
| fixed length control field |
m o d |
| 007 - PHYSICAL DESCRIPTION FIXED FIELD--GENERAL INFORMATION |
| fixed length control field |
cr ||||||||||| |
| 035 ## - SYSTEM CONTROL NUMBER |
| System control number |
(OCoLC)1078539919 |
| 040 ## - CATALOGING SOURCE |
| Original cataloging agency |
DGITA |
| Language of cataloging |
eng |
| Description conventions |
rda |
| -- |
pn |
| Transcribing agency |
DGITA |
| 020 ## - INTERNATIONAL STANDARD BOOK NUMBER |
| International Standard Book Number |
9789587744668 |
| Qualifying information |
(eBook ; |
| -- |
pdf) |
| 020 ## - INTERNATIONAL STANDARD BOOK NUMBER |
| International Standard Book Number |
9587744667 |
| Qualifying information |
(eBook ; |
| -- |
pdf) |
| 020 ## - INTERNATIONAL STANDARD BOOK NUMBER |
| Canceled/invalid ISBN |
9789587744651 |
| Qualifying information |
(Colombia) |
| 020 ## - INTERNATIONAL STANDARD BOOK NUMBER |
| Canceled/invalid ISBN |
9587744659 |
| Qualifying information |
(Colombia) |
| 020 ## - INTERNATIONAL STANDARD BOOK NUMBER |
| Canceled/invalid ISBN |
9786070288609 |
| Qualifying information |
(Mexico) |
| 020 ## - INTERNATIONAL STANDARD BOOK NUMBER |
| Canceled/invalid ISBN |
6070288602 |
| Qualifying information |
(Mexico) |
| 041 1# - LANGUAGE CODE |
| Language code of text/sound track or separate title |
spa |
| Language code of original |
eng |
| 043 ## - GEOGRAPHIC AREA CODE |
| Geographic area code |
n-mx--- |
| 050 14 - LIBRARY OF CONGRESS CALL NUMBER |
| Classification number |
F1391.Y3 ebook |
| 082 04 - DEWEY DECIMAL CLASSIFICATION NUMBER |
| Classification number |
972.74 |
| 100 1# - MAIN ENTRY--PERSONAL NAME |
| Personal name |
Frassani, Alessia, |
| Dates associated with a name |
1974- |
| Relator term |
author. |
| 240 10 - UNIFORM TITLE |
| Uniform title |
Building Yanhuitlan. |
| Language of a work |
Spanish |
| Version |
(Torres) |
| 245 10 - TITLE STATEMENT |
| Title |
Artistas, mecenas y feligreses en Yanhuitlán, Mixteca Alta, siglos XVI-XXI / |
| Statement of responsibility, etc. |
Alessia Frassani ; traducción al español de Patricia Torres. |
| 250 ## - EDITION STATEMENT |
| Edition statement |
Primera edición. |
| 264 #1 - PRODUCTION, PUBLICATION, DISTRIBUTION, MANUFACTURE, AND COPYRIGHT NOTICE |
| Place of production, publication, distribution, manufacture |
Coyoacán, México D.F. : |
| Name of producer, publisher, distributor, manufacturer |
Universidad Nacional Autónoma de México, Instituto de Investigaciones Estéticas ; |
| Place of production, publication, distribution, manufacture |
Bogotá, D.C., Colombia : |
| Name of producer, publisher, distributor, manufacturer |
Ediciones Uniandes, |
| Date of production, publication, distribution, manufacture, or copyright notice |
[2017] |
| 300 ## - PHYSICAL DESCRIPTION |
| Extent |
1 online resource : |
| Other physical details |
illustrations (some in color) |
| 336 ## - CONTENT TYPE |
| Content type term |
text |
| Content type code |
txt |
| Source |
rdacontent |
| 337 ## - MEDIA TYPE |
| Media type term |
computer |
| Media type code |
c |
| Source |
rdamedia |
| 338 ## - CARRIER TYPE |
| Carrier type term |
online resource |
| Carrier type code |
cr |
| Source |
rdacarrier |
| 504 ## - BIBLIOGRAPHY, ETC. NOTE |
| Bibliography, etc. note |
Includes bibliographical references. |
| 588 0# - SOURCE OF DESCRIPTION NOTE |
| Source of description note |
Online resource; title from PDF title page (Digitalia, viewed December 10, 2018) |
| 651 #0 - SUBJECT ADDED ENTRY--GEOGRAPHIC NAME |
| Geographic name |
Yanhuitlán (Mexico) |
| General subdivision |
History. |
| 650 #0 - SUBJECT ADDED ENTRY--TOPICAL TERM |
| Topical term or geographic name entry element |
Indigenous peoples |
| General subdivision |
Cultural assimilation |
| Geographic subdivision |
Mexico |
| -- |
Yanhuitlán. |
| 651 #0 - SUBJECT ADDED ENTRY--GEOGRAPHIC NAME |
| Geographic name |
Yanhuitlán (Mexico) |
| General subdivision |
Social life and customs. |
| 651 #0 - SUBJECT ADDED ENTRY--GEOGRAPHIC NAME |
| Geographic name |
Yanhuitlán (Mexico) |
| General subdivision |
Politics and government. |
| 651 #0 - SUBJECT ADDED ENTRY--GEOGRAPHIC NAME |
| Geographic name |
Yanhuitlán (Mexico) |
| General subdivision |
Religious life and customs. |
| 650 #0 - SUBJECT ADDED ENTRY--TOPICAL TERM |
| Topical term or geographic name entry element |
Dominican monasteries |
| Geographic subdivision |
Mexico |
| -- |
Yanhuitlán |
| General subdivision |
History. |
| 650 #0 - SUBJECT ADDED ENTRY--TOPICAL TERM |
| Topical term or geographic name entry element |
Church buildings |
| Geographic subdivision |
Mexico |
| -- |
Yanhuitlán |
| General subdivision |
History. |
| 650 #0 - SUBJECT ADDED ENTRY--TOPICAL TERM |
| Topical term or geographic name entry element |
Indigenous peoples |
| Geographic subdivision |
Mexico |
| -- |
Yanhuitlán |
| General subdivision |
History. |
| 650 #0 - SUBJECT ADDED ENTRY--TOPICAL TERM |
| Topical term or geographic name entry element |
Ethnicity |
| Geographic subdivision |
Mexico |
| -- |
Yanhuitlán |
| General subdivision |
History. |
| 650 #0 - SUBJECT ADDED ENTRY--TOPICAL TERM |
| Topical term or geographic name entry element |
Arts and society |
| Geographic subdivision |
Mexico |
| -- |
Yanhuitlán |
| General subdivision |
History. |
| 651 #0 - SUBJECT ADDED ENTRY--GEOGRAPHIC NAME |
| Geographic name |
Yanhuitlán (Mexico) |
| General subdivision |
Colonial influence. |
| 651 #0 - SUBJECT ADDED ENTRY--GEOGRAPHIC NAME |
| Geographic name |
Mexico |
| General subdivision |
History |
| Chronological subdivision |
Spanish colony, 1540-1810. |
| 655 #0 - INDEX TERM--GENRE/FORM |
| Genre/form data or focus term |
Electronic books. |
| 700 1# - ADDED ENTRY--PERSONAL NAME |
| Personal name |
Torres, Patricia, |
| Relator term |
translator. |
| 700 1# - ADDED ENTRY--PERSONAL NAME |
| Relationship information |
Translation of: |
| Personal name |
Frassani, Alessia, |
| Dates associated with a name |
1974- |
| Title of a work |
Building Yanhuitlan. |
| 791 2# - |
| -- |
Digitalia (Firm), |
| -- |
distributor. |
| 793 0# - |
| -- |
Digitalia eBook Collection: |
| -- |
Universidad de los Andes |
| 776 08 - ADDITIONAL PHYSICAL FORM ENTRY |
| Relationship information |
Print version: |
| Main entry heading |
Frassani, Alessia, 1974- |
| Uniform title |
Building Yanhuitlan. Spanish (Torres) |
| Title |
Artistas, mecenas y feligreses en Yanhuitlán, Mixteca Alta, siglos XVI-XXI. |
| Edition |
Primera edición. |
| Place, publisher, and date of publication |
Coyoacán, México D.F. : Universidad Nacional Autónoma de México, Instituto de Investigaciones Estéticas ; Bogotá, D.C., Colombia : Ediciones Uniandes, 2017 |
| International Standard Book Number |
9789587744651 |
| Record control number |
(OCoLC)1002886310 |
| 856 40 - ELECTRONIC LOCATION AND ACCESS |
| Materials specified |
Digitalia Hispánica |
| Uniform Resource Identifier |
<a href="https://www.digitaliapublishing.com/a/52234/">https://www.digitaliapublishing.com/a/52234/</a> |
| 910 ## - USER-OPTION DATA (OCLC) |
| User-option data |
Premium collection: 2018 |
| 942 ## - ADDED ENTRY ELEMENTS (KOHA) |
| Koha item type |
Recurso Electrónico |